BARYFAIODATA (Record no. 18122)
[ view plain ]
| 000 -LEADER | |
|---|---|
| fixed length control field | 00257nam a22001337a 4500 |
| 003 - CONTROL NUMBER IDENTIFIER | |
| control field | SGT |
| 082 ## - DEWEY DECIMAL CLASSIFICATION NUMBER | |
| Classification number | 616.024 |
| Item number | B09C |
| 100 ## - MAIN ENTRY--PERSONAL NAME | |
| Personal name | CCRH |
| 245 ## - TITLE STATEMENT | |
| Title | BARYFAIODATA |
| 260 ## - PUBLICATION, DISTRIBUTION, ETC. (IMPRINT) | |
| Place of publication, distribution, etc | DELHI |
| Name of publisher, distributor, etc | CCRH |
| Year of Publication | 2009 |
| 300 ## - PAGE DESCRIPTION | |
| No. of Pages | 28 |
| 650 ## - SUBJECT ADDED ENTRY--TOPICAL TERM | |
| Topical term or geographic name as entry element | HOMOEOPATHIC |
| 942 ## - ADDED ENTRY ELEMENTS (KOHA) | |
| Source of classification or shelving scheme | Dewey Decimal Classification |
| Koha item type | Books |
| Withdrawn status | Lost status | Source of classification or shelving scheme | Damaged status | Not for loan | Home library | Current library | Shelving location | Date acquired | Vendor Name | Cost, normal purchase price | SGTU | Bill Number | Total Checkouts | Full call number | Accession No. (Barcode) | Date last seen | Bill Date | Koha item type |
|---|---|---|---|---|---|---|---|---|---|---|---|---|---|---|---|---|---|---|
| Dewey Decimal Classification | Homeopathy Library | Homeopathy Library | Text Book | 31/05/2019 | CCRH | 60.00 | SGTU | 1011 | 616.024 B09C | FH151 | 31/05/2019 | 27/07/2016 | Books | |||||
| Dewey Decimal Classification | Homeopathy Library | Homeopathy Library | Text Book | 31/05/2019 | CCRH | 60.00 | SGTU | 1011 | 616.024 B09C | FH152 | 31/05/2019 | 27/07/2016 | Books | |||||
| Dewey Decimal Classification | Homeopathy Library | Homeopathy Library | Text Book | 31/05/2019 | CCRH | 60.00 | SGTU | 1011 | 616.024 B09C | FH153 | 31/05/2019 | 27/07/2016 | Books | |||||
| Dewey Decimal Classification | Homeopathy Library | Homeopathy Library | Text Book | 31/05/2019 | CCRH | 60.00 | SGTU | 1011 | 616.024 B09C | FH154 | 31/05/2019 | 27/07/2016 | Books | |||||
| Dewey Decimal Classification | Homeopathy Library | Homeopathy Library | Text Book | 31/05/2019 | CCRH | 60.00 | SGTU | 1011 | 616.024 B09C | FH155 | 31/05/2019 | 27/07/2016 | Books | |||||
| Dewey Decimal Classification | Homeopathy Library | Homeopathy Library | Text Book | 31/05/2019 | CCRH | 60.00 | SGTU | 1011 | 616.024 B09C | FH156 | 31/05/2019 | 27/07/2016 | Books | |||||
| Dewey Decimal Classification | Homeopathy Library | Homeopathy Library | Text Book | 31/05/2019 | CCRH | 60.00 | SGTU | 1011 | 616.024 B09C | FH157 | 31/05/2019 | 27/07/2016 | Books | |||||
| Dewey Decimal Classification | Homeopathy Library | Homeopathy Library | Text Book | 31/05/2019 | CCRH | 60.00 | SGTU | 1011 | 616.024 B09C | FH158 | 31/05/2019 | 27/07/2016 | Books | |||||
| Dewey Decimal Classification | Homeopathy Library | Homeopathy Library | Text Book | 31/05/2019 | CCRH | 60.00 | SGTU | 1011 | 616.024 B09C | FH159 | 31/05/2019 | 27/07/2016 | Books | |||||
| Dewey Decimal Classification | Homeopathy Library | Homeopathy Library | Text Book | 31/05/2019 | CCRH | 60.00 | SGTU | 1011 | 616.024 B09C | FH160 | 31/05/2019 | 27/07/2016 | Books |